000 00688nam a2200253Ia 4500
003 OSt
005 20221005065818.0
006 a|||||r|||| 00| 0
007 ta
008 221004b |||||||| |||| 00| 0 eng d
024 _a51143
037 _cTextual
040 _aCRL
_cCRL
_beng
041 _2eng
_aeng
082 _aX:3M28.58, M4
100 _aMarx Karl
245 0 _aThree sources and three component parts of marxism
260 _aMoscow
_bProgress Publishers USSR
_c1984
300 _a62p.
_ccm.
650 _aECONOMICS
700 _a Engels Frederick
942 _hX:3M28.58, M4
_cTEXL
_2cc
999 _c975253
_d975253